Library Banner

Human anatomy & physiology / (Record no. 112418)

MARC details
000 -LEADER
fixed length control field 00766cam a2200241 i 4500
001 - CONTROL NUMBER
control field 19927404
005 - DATE AND TIME OF LATEST TRANSACTION
control field 20190509111724.0
008 - FIXED-LENGTH DATA ELEMENTS--GENERAL INFORMATION
fixed length control field 170818s2019 nyua b 001 0 eng
020 ## - INTERNATIONAL STANDARD BOOK NUMBER
International Standard Book Number 9780134553511 (student edition : alk. paper)
020 ## - INTERNATIONAL STANDARD BOOK NUMBER
International Standard Book Number 0134553519 (student edition : alk. paper)
020 ## - INTERNATIONAL STANDARD BOOK NUMBER
International Standard Book Number 9780134757520 (instructor's review copy : alk. paper)
020 ## - INTERNATIONAL STANDARD BOOK NUMBER
International Standard Book Number 0134757521 (instructor's review copy : alk. paper)
040 ## - CATALOGING SOURCE
Transcribing agency DLC
082 00 - DEWEY DECIMAL CLASSIFICATION NUMBER
Classification number 612
Edition number 23
Item number AME-H
100 1# - MAIN ENTRY--PERSONAL NAME
Personal name Amerman, Erin C.
245 10 - TITLE STATEMENT
Title Human anatomy & physiology /
Statement of responsibility, etc Erin C. Amerman
250 ## - EDITION STATEMENT
Edition statement 2nd ed.
260 ## - PUBLICATION, DISTRIBUTION, ETC. (IMPRINT)
Place of publication, distribution, etc Harlow :
Name of publisher, distributor, etc Pearson,
Date of publication, distribution, etc 2016
300 ## - PHYSICAL DESCRIPTION
Extent 1132 p. :
Other physical details color illustrations ;
Dimensions 29 cm
650 12 - SUBJECT ADDED ENTRY--TOPICAL TERM
Topical term or geographic name as entry element Anatomy
650 22 - SUBJECT ADDED ENTRY--TOPICAL TERM
Topical term or geographic name as entry element Physiological Phenomena
942 ## - ADDED ENTRY ELEMENTS (KOHA)
Koha item type Books
Holdings
Withdrawn status Lost status Damaged status Home library Current library Date acquired Full call number Barcode Date last seen Price effective from Koha item type
      UMT Health Sciences Campus UMT Health Sciences Campus 2019-05-09 612 AME-H 129925 2023-02-03 2019-05-09 Books